000 004420000a22001810004500
003 MACL
005 20151028151905.0
008 151028b xxu||||| |||| 00| 0 eng d
040 _aMACL
_cMACL
041 _aEnglish
082 _a370/SWA
100 _aVivekanand, Swami
_917204
245 _aMy Idea of Education
260 _bAdvaita Ashrama
_c2008
_aKolkata
350 _a34.00
650 _aEducation
_917205
942 _cBK
_k370/SWA
_2ddc
999 _c44519
_d44519